| 000 | 01072nam a2200277 a 4500 | ||
|---|---|---|---|
| 001 | ebr10626257 | ||
| 003 | CaPaEBR | ||
| 006 | m u | ||
| 007 | cr cn||||||||| | ||
| 008 | 121129s2013 qeaa s 001 0 eng d | ||
| 020 | _z9780730378235 | ||
| 020 | _z9780730378242 (e-book) | ||
| 040 |
_aCaPaEBR _cCaPaEBR |
||
| 035 | _a(OCoLC)823728565 | ||
| 050 | 1 | 4 |
_aHD2341 _b.S65 2013eb |
| 100 | 1 | _aSmith, Heather. | |
| 245 | 1 | 0 |
_aLearn small business start-up in 7 days _h[electronic resource] : _blaunch a lean, efficient start-up / _cHeather Smith. |
| 260 |
_aMilton, Qld. : _bWrightbooks, _c2013. |
||
| 300 |
_axvii, 243 p. : _bill. |
||
| 500 | _aIncludes index. | ||
| 533 |
_aElectronic reproduction. _bPalo Alto, Calif. : _cebrary, _d2011. _nAvailable via World Wide Web. _nAccess may be limited to ebrary affiliated libraries. |
||
| 650 | 0 | _aSmall business. | |
| 655 | 7 |
_aElectronic books. _2local |
|
| 710 | 2 | _aebrary, Inc. | |
| 856 | 4 | 0 |
_uhttp://site.ebrary.com/lib/rucke/Doc?id=10626257 _zAn electronic book accessible through the World Wide Web; click to view |
| 999 |
_c50760 _d50760 |
||